000
00302nam a22001337a 4500
008
181217b xxu||||| |||| 00| 0 eng d
020
_a
9780199546374
041
_a
eng
080
_a
101
100
_a
34
101
_a
FIL
245
_a
Philosophy In The Modern World
_c
Kenny.A
942
_2
udc
_c
BK
999
_c
53164
_d
53164